| 000 | 00454nam a2200181Ia 4500 | ||
|---|---|---|---|
| 008 | 230917s9999||||xx |||||||||||||| ||und|| | ||
| 020 | _cRS2050 | ||
| 040 |
_e212800 _aMAIN |
||
| 041 | _aEnglish | ||
| 082 | _a581.2 A84P(5) | ||
| 100 | _aAgrios, George N | ||
| 245 | 0 | _aPlant pathology | |
| 250 | _a5th. ed. | ||
| 260 |
_aAmsterdam _bElsevier _c2012 |
||
| 300 | _axxiii, 922 p. | ||
| 500 | _a4267 25/11/2013 131 04/12/2013 Main Budget | ||
| 942 | _cBK | ||
| 999 |
_c34438 _d34438 |
||